[Event "Rohde op 07th"]
[Site "Sautron"]
[Date "2007.10.29"]
[Round "3"]
[White "Petkov, Vladimir"]
[Black "Mullon, Jean Baptiste"]
[Result "1-0"]
[WhiteElo "2508"]
[BlackElo "2339"]
[Annotator "RR"]
[PlyCount "103"]
[EventDate "2007.10.27"]
[EventType "swiss"]
[EventRounds "9"]
[EventCountry "FRA"]
[SourceTitle "EXT 2008"]
[Source "ChessBase"]
[SourceDate "2007.11.25"]
[SourceVersion "1"]
[SourceVersionDate "2007.11.25"]
[SourceQuality "1"]

1. d4 d5 2. c4 c6 3. Nf3 Nf6 4. Qc2 g6 (4... e6 5. g3) (4... dxc4 5. Qxc4 (5.
e4 $1 b5 6. b3 cxb3 7. axb3 e6 8. Bd2 {[%csl Rb4]} Bb7 9. Bd3 (9. Ba5 {[%csl
Rd8]} Qc8) 9... a5 10. O-O Be7 11. Nc3 $44)) (4... Bg4 5. Ne5) 5. cxd5 (5. Bf4
{la ligne principale} Bg7 6. e3 O-O 7. Nc3 Na6) 5... cxd5 6. Bg5 $5 {Une idée
nouvelle du MI dominicain Mateo} (6. Nc3) 6... Ne4 {[%cal Ge4g5]} 7. Bh4 $146 (
7. Bf4 {Mateo,R (2448)-Martinez Martin,D (2403) Madrid FMA Masters 2007 (2) 1-0
}) 7... Nc6 8. Nc3 Bg7 9. e3 O-O 10. Be2 h6 11. Nxe4 dxe4 12. Nd2 f5 {[%cal
Gg6g5,Gh4g3,Gf5f4]} 13. Bc4+ Kh8 14. Bg3 Nxd4 $3 {[%csl Re1][%cal Gf5f4]} 15.
exd4 f4 16. Qxe4 Qxd4 17. Qe2 fxg3 18. hxg3 Bg4 $36 19. Nf3 Qf6 (19... Rac8 $17
{[%cal Gc8c4,Gd4c4]}) 20. Bd5 Rad8 21. Be4 Bf5 22. Bxf5 gxf5 23. Rb1 e5 24. Rh5
Qe6 (24... e4 25. Nh4 Qe6 $40 {[%csl Re1,Rf5][%cal Gh4f5,Gh5f5,Gf8f5]}) 25. b3
e4 26. Nh4 Kg8 27. Kf1 Rd5 {Rd5 va mener а des échanges qui vont favoriser la
défense du GMI. Il semblait meilleur de continuer l'attaque avec f5f4} (27...
f4 $5 28. gxf4 Rxf4 29. g3 {[%cal Gf1g2]} Rf7 {[%cal Gf7d7,Gd8f8]} 30. Ng2 {
[%cal Gf2e3]} (30. Kg2 $2 Rdf8)) 28. Rd1 Rfd8 29. Rxd5 Rxd5 30. Kg1 b5 31. Kh2
a6 32. Qc2 Qd7 33. a4 Kh7 34. Rxf5 Rd3 35. axb5 axb5 36. Qe2 Qe8 37. Rf3 Rd5
38. Rf4 Re5 39. Nf5 $16 {[%cal Gf5e3] l'attaque des noirs s'est essouflée et
le GMI a réussi а coordonner ses pièces et а mettre son K а l'abri.} Bf6 40.
Qc2 Kh8 41. Ne3 Bg5 42. Rf5 Rxf5 43. Nxf5 Qe5 44. Qc8+ Kh7 45. Qd7+ Kg6 46. Nd6
Qd5 47. Qe8+ Kg7 48. Nxb5 e3 49. Nc7 exf2 50. Nxd5 f1=Q 51. Qe5+ Kf7 52. Nf4 {
[%mdl 520]} 1-0

[Event "Tashkent FIDE GP (Women)"]
[Site "Tashkent"]
[Date "2013.09.21"]
[Round "4"]
[White "Danielian, Elina"]
[Black "Stefanova, Antoaneta"]
[Result "1/2-1/2"]
[WhiteElo "2470"]
[BlackElo "2496"]
[Annotator "Ramirez Alvarez,A"]
[PlyCount "107"]
[EventDate "2013.09.18"]
[EventType "tourn"]
[EventRounds "11"]
[EventCountry "UZB"]
[EventCategory "10"]
[SourceTitle "CBM 157"]
[Source "ChessBase"]
[SourceDate "2013.11.12"]
[SourceVersion "1"]
[SourceVersionDate "2013.11.12"]
[SourceQuality "1"]
[WhiteClock "0:21:27"]
[BlackClock "0:22:33"]

{An even game from start to finish. This variation of the Slav promises White
a slight edge with the pair of bishops, but little more. Here White was able
to obtain an extra pawn, but with the crippled pawn structure it was difficult
to use. The players fought down to a position in which the only pieces
remaining were two kings and two bishops for either side.} 1. d4 d5 2. Nf3 Nf6
3. c4 c6 4. e3 Bg4 5. Qb3 Qb6 6. Nc3 e6 7. Nh4 Bh5 8. h3 Qxb3 9. axb3 Na6 10.
g4 Nb4 11. Ra4 g5 12. gxh5 gxh4 13. c5 a5 14. Bd2 Kd7 15. Na2 Nxa2 16. Rxa2 Be7
17. Bd3 Nxh5 18. Ke2 b6 19. cxb6 Rhb8 20. Rxa5 Rxa5 21. Bxa5 Bd8 22. Rg1 (22.
Bxh7 $6 f5 {looks inhuman.}) 22... Bxb6 23. Bc3 Bd8 24. Bc2 f5 25. Rg8 Nf6 26.
Rg7+ Be7 27. f3 Ke8 28. Rg1 Ra8 29. Kd2 Kf7 30. Bd3 h6 31. Kc2 Nh7 32. e4 Ng5
33. exf5 Nxh3 34. fxe6+ Kxe6 35. Rg6+ Bf6 36. Rxh6 Ng1 37. Bf1 Rh8 38. Rxh8
Bxh8 39. Kd3 Nxf3 40. Bh3+ Ke7 41. Ke3 Ng5 42. Bf1 h3 43. Kf2 h2 44. Kg2 Nf3
45. Be2 Nxd4 46. Bxd4 Bxd4 47. Kxh2 Kd6 48. Bh5 Bxb2 49. Kg2 Ke5 50. Be8 c5 51.
Kf3 Kd4 52. Bf7 c4 53. bxc4 dxc4 54. Bxc4 1/2-1/2

[Event "EU-Cup 24th"]
[Site "Kallithea"]
[Date "2008.10.20"]
[Round "4"]
[White "Eljanov, Pavel"]
[Black "Mastrovasilis, Dimitrios"]
[Result "1/2-1/2"]
[WhiteElo "2720"]
[BlackElo "2572"]
[Annotator "Rogozenco,D"]
[PlyCount "129"]
[EventDate "2008.10.17"]
[EventType "team-swiss"]
[EventRounds "7"]
[EventCountry "GRE"]
[SourceTitle "CBM 127"]
[Source "ChessBase"]
[SourceDate "2008.11.13"]
[SourceVersion "1"]
[SourceVersionDate "2008.11.13"]
[SourceQuality "1"]
[WhiteTeam "Ashdod Illit "]
[BlackTeam "Thessaloniki ES"]
[WhiteTeamCountry "ISR"]
[BlackTeamCountry "GRE"]

1. d4 d5 2. c4 c6 3. Nf3 Nf6 4. e3 Bg4 5. h3 Bxf3 6. Qxf3 e6 7. Bd3 Bd6 8. Nc3
O-O 9. Bd2 Nbd7 10. g4 {Usually White makes this advance after 10.cxd5 exd5.}
dxc4 11. Bxc4 e5 12. g5 exd4 $1 $146 {This logical follow-up of the previous
move is actually new, although it has been recommended by GM Z. Ilincic.} (
12... Ne8 13. h4 Bb4 14. O-O-O Qe7 15. Bb3 Nc7 16. h5 $40 {1-0 Ilincic,Z (2545)
-Pataki,G (2375)/Budapest 2006 (60)}) 13. exd4 ({The more ambitious move} 13.
gxf6 {offers White good compensation for the pawn in the following variations:}
Ne5 14. Qg2 g6 (14... Qxf6 $2 15. Ne4 Qe7 16. Nxd6 Qxd6 17. Be2 $16) 15. Be2
dxc3 16. Bxc3 Qxf6 17. f4 (17. O-O-O Qe7 $13 18. h4 $140 Bb4) 17... Qh4+ 18.
Qf2 Qxf2+ 19. Kxf2 Nd7 20. Rad1 (20. Bf3 Be7 $17) 20... Nc5 21. Kf3 Be7 22. h4
h5 23. f5 $44 {although it is not clear if it's enough for advantage.}) 13...
Nb6 14. Bb3 Nfd5 (14... Re8+ 15. Kf1 Nfd5 16. Kg2 Qc7 17. Nxd5 Nxd5 18. Bxd5
cxd5 19. Qxd5 Re2 $44) 15. Ne4 (15. Nxd5 Nxd5 16. Bxd5 cxd5 17. Qxd5 Re8+ 18.
Kf1 Be5 $1 19. Qxd8 Raxd8 20. Ba5 Rxd4 21. Re1 Rd5 22. Bc3 Re6 $15) 15... a5 $1
16. a3 a4 17. Ba2 Qc7 {The better pawn formation secures Black at least equal
chances.} 18. h4 Bf4 19. O-O-O Bxd2+ 20. Rxd2 Qf4 ({Slightly more precise is} 
20... Rfe8 {and only after} 21. h5 {exchange queens with} Qf4 {then} 22. Qxf4
Nxf4 23. Nd6 Re7 $15 {and besides controlling the e-file Black doesn't need to
make a move like Rab8.}) 21. Qxf4 Nxf4 22. Nd6 Rab8 23. h5 Nbd5 24. h6 Rfd8 25.
Ne4 (25. Nf5 g6 26. Ne3 Rd7 27. Nxd5 (27. Kc2 Re8 $15) 27... Nxd5 28. Re1 Kf8
$15 {/=}) 25... g6 26. Re1 $11 Kf8 (26... Re8 27. Bxd5 Nxd5 28. Rde2 $11) 27.
Bxd5 ({Although it doesn't change the evaluation of the position as equal, it
made sense to start immediately with} 27. Nc5 {and if} b6 {then} 28. Nxa4 Ra8
29. Bb3) 27... Nxd5 28. Nc5 b6 $1 ({After} 28... b5 29. Rde2 {White has some
pressure.}) 29. Nd3 (29. Nxa4 Ra8 30. Nc3 Nxc3 31. bxc3 Rxa3 32. Kb2 Rda8 33.
Rde2 $11) 29... Re8 30. Ne5 Rbd8 31. Rde2 Re6 32. Re4 Ne7 33. Ng4 Rxe4 34. Rxe4
f5 $2 {This was not necessary (yet).} (34... Nd5 35. Ne5 b5 36. Kd2 Rd6 {
followed by 37...f6 or 37...f5 is equal.}) 35. gxf6 Nf5 36. Ne5 ({Eljanov
prepares a piece sac and misses the simple} 36. d5 $1 Rxd5 (36... cxd5 37. Rxa4
) 37. Rxa4 $16) 36... Nxd4 37. Kb1 c5 38. Nxg6+ Kf7 $1 {This must have been
overlooked by the Ukrainian GM, since now White is struggling to escape.} ({
White's idea was} 38... hxg6 $2 39. Re7 $1 ({but not} 39. h7 Kf7 $2 40. Rh4 Rh8
$19) {although after} 39... Ne6 {(the only defence)} (39... Nc6 40. h7 Rd1+ 41.
Kc2 Rh1 42. Rg7 $18) (39... Nf5 40. h7 Rd1+ 41. Kc2 Rh1 42. Ra7 Nd6 43. Rg7 $18
) (39... Rd5 40. h7 Rh5 41. Ra7 Rh1+ 42. Ka2 Nb3 43. h8=Q+ Rxh8 44. Ra8+ $18)
40. Rxe6 (40. h7 Rd1+ 41. Kc2 Rh1 42. Ra7 Ke8 43. Ra8+ (43. Rg7 $2 Nf8 $19)
43... Nd8 44. f7+ Kxf7 45. Rxd8 Rxh7 46. Rd7+ Kg8 47. Rd6 $11) 40... Rd1+ 41.
Kc2 Rh1 42. Rxb6 Rxh6 {Black still keeps chances to draw.}) 39. Ne5+ Kxf6 40.
Nc4 b5 41. Ne3 Nb3 (41... Rg8 $17) 42. Kc2 Rd2+ 43. Kb1 Rxf2 44. Rxa4 $1 bxa4
45. Ng4+ Kg5 46. Nxf2 {The knight endgame looks hopeless for White, but it's
quite tricky.} Kxh6 47. Kc2 Kg5 48. Kd3 Kf4 49. Kc4 h5 50. Kb5 h4 51. Kxa4 Nd2
$2 ({Black wins either after} 51... Kf3 52. Nh3 (52. Nh1 Kg2 53. Kxb3 Kxh1 54.
a4 h3 55. a5 h2 56. a6 Kg1 57. a7 h1=Q $19) (52. Nd3 h3 53. Ne5+ Kg3 $19) 52...
Nd4 53. b4 c4 $19) ({or} 51... Nd4 $19) 52. b4 $1 cxb4 (52... c4 53. b5 c3 54.
b6 c2 55. b7 Ke3 56. b8=Q c1=Q $11) 53. Kxb4 {Now White escapes.} Kg3 ({Or} 
53... Ne4 54. Nh1) 54. Nh1+ Kg2 55. a4 Ne4 56. a5 Nd6 57. a6 Nc8 58. Kc5 Kxh1
59. Kc6 h3 60. Kc7 Na7 61. Kb6 Nc8+ 62. Kc7 Kg1 63. Kxc8 h2 64. a7 h1=Q 65. Kb8
1/2-1/2

[Event "EU-Cup 23rd"]
[Site "Kemer"]
[Date "2007.10.07"]
[Round "5.3"]
[White "Volkov, Sergey"]
[Black "Rublevsky, Sergei"]
[Result "0-1"]
[WhiteElo "2648"]
[BlackElo "2676"]
[Annotator "Rogozenco,D"]
[PlyCount "80"]
[EventDate "2007.10.03"]
[EventType "team-swiss"]
[EventRounds "7"]
[EventCountry "TUR"]
[SourceTitle "CBM 121"]
[Source "ChessBase"]
[SourceDate "2007.11.14"]
[SourceVersion "1"]
[SourceVersionDate "2007.11.14"]
[SourceQuality "1"]
[WhiteTeam "Alkaloid"]
[BlackTeam "Merida Linex Magic"]
[WhiteTeamCountry "MKD"]
[BlackTeamCountry "ESP"]

1. d4 d5 2. c4 c6 3. Nf3 Nf6 4. e3 a6 5. Nbd2 Bf5 6. Qb3 Qc7 7. Bd3 Bxd3 8.
Qxd3 e6 9. O-O Nbd7 10. b3 Bb4 $6 {A very doubtful idea to give up the
dark-squared bishop.} (10... Be7 11. e4 Nxe4 12. Nxe4 dxe4 13. Qxe4 Nf6 14. Qh4
O-O {leads to a normal position with a slight edge for White.}) 11. e4 Bxd2 12.
Nxd2 dxe4 13. Nxe4 {Now White is clearly better thanks to his very strong
bishop.} Nxe4 (13... O-O 14. Ba3 $14 {/+/-}) 14. Qxe4 O-O 15. Bf4 Qb6 16. Bd6
$1 Rfd8 (16... Rfe8 17. Rfe1 Rad8 18. Qf4 $16) 17. Qf4 $14 {/+/-} Nf8 $5 {
An interesting practical decision to sacrifice the exchange and thus try to
change the unfavourable course of events.} (17... Re8 18. Rfe1 {[%cal Ga1d1,
Ge1e3] is an easy game for White.}) 18. Bc7 Qxd4 19. Qg3 $1 {Or perhaps Black
simply missed this move, which creates a new threat 20.Be5.} Ng6 20. Bxd8 Rxd8
21. Qc7 $16 Nf4 (21... Rd7 22. Qc8+ Nf8 23. h3 $16) 22. g3 $2 (22. Qxb7 $6 Qe4
23. f3 Qc2 24. Rf2 Ne2+ 25. Rxe2 (25. Kf1 $4 Rd1+) 25... Qxe2 26. Qxc6 (26. h3
$6 Qb2 $17) 26... Rd1+ 27. Rxd1 Qxd1+ 28. Kf2 Qd2+ 29. Kg3 Qg5+ $11) (22. Rfe1
$2 Nd3 $36 {[%csl Ra1,Rf2]}) ({Correct was} 22. Rae1 $1 $16 {and White must
win:} Nd3 23. Re4 $18) 22... Nd3 23. Rad1 h5 $1 24. Qxb7 (24. h4 Rd7 25. Qc8+
Kh7 26. Rd2 e5 $44) 24... Qe4 25. Qe7 Rd4 26. Qe8+ Kh7 27. Qxf7 {White must
have thought he is completely winning, but things are not so simple. In fact
Black has decent compensation.} (27. Rd2 $2 Qf3 $17 {[%cal Gd3e1]}) 27... Qe2
28. Qa7 Re4 $1 {The dominating black pieces together with weaknesses around
the white king make White's position very dangerous. The best would have been
to eliminate the knight at once, trying to convert the extra pawn after that.}
29. f3 $4 {[%mdl 64] Allowing a beautiful combination.} (29. Qxa6 $2 Nxf2 $40)
(29. Qb6 Nf4 30. Qxc6 (30. gxf4 Qg4+ 31. Kh1 Qf3+ 32. Kg1 Qg4+ $11 (32... Rxf4
$2 33. Rfe1)) 30... Nh3+ 31. Kg2 Nf4+ 32. gxf4 Qg4+ 33. Kh1 Qf3+ $11) (29. Rxd3
Qxd3 30. Qf7 Re5 $14) 29... Rh4 $3 $19 {A very nice and completely unexpected
reply. Now it is Black who wins.} 30. gxh4 Nf4 31. Qf2 (31. Rf2 Qxd1+ 32. Rf1
Qc2 33. Rf2 Qg6+ 34. Kh1 Qb1+ $19) 31... Nh3+ 32. Kg2 Nxf2 33. Rde1 (33. Rxf2
Qxd1 $19) 33... Qd2 {Things turn out to be extremely simple for Black.} 34. Kg3
Nd3 35. Rxe6 Qxa2 36. c5 a5 37. Re3 Qxb3 38. f4 Qc4 39. Rff3 Nxc5 40. Kh3 Ne4
0-1

[Event "Poikovsky Karpov 08th"]
[Site "Poikovsky"]
[Date "2007.03.23"]
[Round "8"]
[White "Bologan, Viktor"]
[Black "Tkachiev, Vladislav"]
[Result "1-0"]
[WhiteElo "2658"]
[BlackElo "2649"]
[Annotator "Rogozenco,D"]
[PlyCount "71"]
[EventDate "2007.03.15"]
[EventType "tourn"]
[EventRounds "9"]
[EventCountry "RUS"]
[EventCategory "17"]
[SourceTitle "CBM 118"]
[Source "ChessBase"]
[SourceDate "2007.05.31"]
[SourceVersion "1"]
[SourceVersionDate "2007.05.31"]
[SourceQuality "1"]

1. d4 d5 2. c4 c6 3. e3 Nf6 4. Nf3 a6 5. Bd3 Bg4 6. Nbd2 Nbd7 7. Qc2 dxc4 {
A rare system. Both opponents are extremely creative players and the game will
soon enter new territory.} (7... e6 {is the main move}) 8. Nxc4 Bxf3 9. gxf3 c5
10. dxc5 Nxc5 11. Be2 b5 (11... Rc8 12. b4 Ncd7 13. Qb3 e6 14. Bb2 Be7 15. O-O
O-O 16. Rfd1 Qc7 17. Rac1 Qb8 18. f4 Nd5 19. Bf3 $14 {1-0 Malaniuk,V (2511)
-Drozdovskij,Y (2552)/Ajaccio (rapid) 2006 (41)}) 12. b4 $5 $146 (12. Ne5 Rc8 {
1/2-1/2 Schlosser,P (2560)-Buhmann,R (2546)/Austria 2006}) 12... Na4 13. Nb2
Rc8 14. Qb3 {The position is very unusual and tricky. White is apparently
under some pressure, but with a very good feeling for dynamics Bologan is
provoking his opponent into active operations and it will soon turn out that
Black has overestimated his position.} Nc3 ({After} 14... Rc3 15. Qd1 $1 Qxd1+
16. Kxd1 {Black is in deep troubles: his queenside will soon collapse.}) 15.
Bd2 $5 ({More natural looks to be} 15. Nd3 {[%cal Gc1b2] but Bologan wants to
bring his queen's rook as quickly as possibly to d1.}) 15... Nxe2 16. Kxe2 e6
17. Rhg1 $1 {White is correctly trying to prevent Black from finishing
development. A careful look at the position will reveal the following factors:
White's king is in fact very safe on e2. The apparently broken pawn structure
is not a problem for White, since it practically does not contain weaknesses.
Moreover, he can actively use the open g-file. On the queenside White can
decide when to start active operations with a2-a4. But Black has a healthy
position and shouldn't be worse. It is just important to realize that it is
White who has some initiative and Black must think about defensive tasks
before showing becoming ambitious about more.} Nd5 $6 {This move will bring
only troubles.} (17... Qd6 18. Rac1 Rd8 (18... Rxc1 19. Rxc1 Be7 20. Rc8+ Bd8
21. Qd3 $14) 19. Nd3 $14) (17... Bd6 18. Rxg7 Bxh2 19. Rd1 $14 (19. f4 Ne4 20.
Be1 Qh4 $132 {[%cal Gh4h5]})) ({Black must think first of all about completing
development and the safety of his king, therefore in my opinion the best is} 
17... g6 {after which the position remains double-edged, with approximately
equal chances}) 18. Rad1 Qb6 {Other moves also don't fully neutralize White's
increasing initiative.} (18... Qf6 19. Rc1 Rxc1 (19... Rd8 20. e4 Nf4+ 21. Bxf4
Qxf4 22. Nd3 $16) 20. Rxc1 Be7 21. e4 Nf4+ 22. Bxf4 Qxf4 23. Rc8+ Bd8 24. Qd3
$1 (24. Qe3 Qd6 $1 (24... Qxh2 25. Qb6 Qh4 26. Qc6+ $18) (24... Qxe3+ 25. fxe3
Kd7 26. Ra8 $16) 25. Qc5 (25. Qd3 Qe7 $11) 25... Qxc5 26. bxc5 Kd7 27. Ra8 a5
28. Rb8 Kc6 29. Nd3 $14) 24... Qf6 {[%csl Rb2]} 25. Qa3 O-O (25... e5 26. Nd3)
26. Nd3 e5 27. Nc5 $16) (18... Qd6 19. Nd3 Nb6 (19... Qxh2 $6 20. e4 $16) 20.
Bc3 $36) 19. e4 Nxb4 $2 {Difficult to tell what went wrong in Tkachiev's
calculations. Probably he just wrongly evaluated the resulting position. It
seems that Black wanted to exploit somehow the fact that his opponent's king
is on e2, which as mentioned above is very safe there and therefore the entire
idea is wrong. White is better prepared for concrete play.} (19... Nf6 20. Nd3
$16) 20. Bxb4 Bxb4 21. Qxb4 Rc2+ 22. Rd2 a5 {This was Black's idea. However,
as it often happens the side with the better development can emerge with the
advantage out of such tactical complications.} 23. Rxc2 $1 (23. Qb3 $2 Rxd2+
24. Kxd2 Qxf2+ $19) 23... axb4 24. Rc8+ {After all it turns out that Black's
king is more exposed...} Ke7 25. Rxh8 {It may appear that for the moment White
lacks coordination between pieces and Black could exploit this factor, but
this is again a wrong understanding of the position of the kings. White's king
was safe on e2 before, it will be safe now. Black has no counterplay at all,
while for White it is just a matter of time when to launch the decisive attack.
In fact White wins rather easily.} Qa6 26. Rd1 Qxa2 27. Rd2 {Black's queenside
pawns are worthless and will inevitably be lost soon.} Kf6 (27... h6 28. Rc8 ({
more convincing than} 28. e5 f6 29. f4 Kf7) 28... Qa5 (28... Kf6 29. Nd3 Qa6
30. Rc5 b3 31. Rb2 Qa4 32. Rc3 $18) 29. Nd3 $18 {[%cal Gd2b2]}) 28. Rxh7 Qa8
29. Rh5 g5 30. h4 g4 31. Nd3 gxf3+ 32. Kxf3 Qa4 33. Rg5 b3 34. e5+ Ke7 35. Rg4
Qa8+ 36. Ke2 {A subtle game and a great achievement for Bologan.} 1-0